00660pab a2200145 454500008004000000100002200040245002100062260000900083300001600092362001100108520031500119650001300434650003300447773003400480180718b2005 xxu||||| |||| 00| 0 eng d aThapan, Meenakshi aA teacher writes c2005 ap.5536-537. a31 Dec aThe teacher-student relationship forms a critical bedrock in the pursuit of academic excellence. sometimes, and perhaps giving in to the rhetoric of student welfar,e teachers may evince the need to "protect" or "help" students; a fact that may unwittingly dilute the cause of academic excellence. - Reproduced. aTeachers aStudent teacher relationship aEconomic and Political Weekly